Sports Quiz

Random Sports or Baseball Quiz

MLB Hall of famers 2000-2010 Quiz Stats

 Plays Quiz not verified by Sporcle

Also try: Movie Coaches
Challenge
Share
Tweet
Embed
Score 0/18 Timer 04:00
0 Plays Today
Year Player % Correct
2007Tony Gwynn
90.8%
2007Cal Ripken
84.6%
2010Andre Dawson
83.1%
2009Rickey Henderson
80%
2009Jim Rice
80%
2005Wade Boggs
76.9%
2008Goose Gossage
70.8%
2005Ryan Sandberg
69.2%
2004Paul Molitor
67.7%
Year Player % Correct
2004Dennis Eckersley
64.6%
2001Dave Winfield
61.5%
2003Eddie Murray
61.5%
2001Kirby Puckett
60%
2002Ozzie Smith
60%
2003Gary Carter
60%
2006Bruce Sutter
58.5%
2000Carlton Fisk
52.3%
2000Tony Perez
40%

You're not logged in!

Compare scores with friends on all Sporcle quizzes.
Join for Free
OR
Log In

You Might Also Like...

Show Comments

Extras

Top Quizzes Today


Score Distribution

Your Account Isn't Verified!

In order to create a playlist on Sporcle, you need to verify the email address you used during registration. Go to your Sporcle Settings to finish the process.

Report this User

Report this user for behavior that violates our Community Guidelines.

Details: